000 01278nam2a22002531 4500
001 rc\4456338
005 20250612090623.0
021 _aRU
_b[61-6854]
035 _a(NLR Aleph) 008590064
090 _a8638444
_c8638444
100 _a20130416d1960 |||y0rusy50 ca
101 0 _arus
102 _aRU
105 _ay z |||||
200 1 _aСоветское кино в последние годы. (1945-1953 гг.)
_eУчеб. пособие
_fГрошев, А.Н., канд. искусствоведения доц.
210 _d1960
_aБ. м.
215 _a108 с.
461 0 _1001rc\4456329
_12001#$aИстория кино СССР$e(Конспекты лекций)$e1-$fВсесоюз. гос. ин-т кинематографии. Науч.-исслед. кабинет. Кафедра истории кино$v8
_98638390
_cМосква
_d1958
_fВсесоюз. гос. ин-т кинематографии. Науч.-исслед. кабинет. Кафедра истории кино
_nБ. и.
_o(Конспекты лекций) : 1-
_tИстория кино СССР
_v8
700 1 _aГрошев
_bА.Н.
_gАлександр Николаевич
801 0 _aRU
_bNLR
_gpsbo
801 1 _aRU
_bELAR
_2rusmarc
852 _aNLR
_j58-4/15919
942 _cBOOK
980 _aNB